000
00285nam a2200121Ia 4500
008
241002s9999 xx 000 0 und d
082
_a
294.548 PAN
100
_a
Panikkar, K.M
245
0
_a
Hindu society at cross roads
260
_a
Bombay:
_c
1956
600
_a
Religion
942
_c
UC
999
_c
18885
_d
18885